[Event "45th Olympiad 2024"]
[Site "Budapest HUN"]
[Date "2024.09.14"]
[Round "4.78"]
[Board "1"]
[White "Kudakwashe Chinake"]
[Black "Paiva, Donaldo"]
[Result "0-1"]
[WhiteElo "1859"]
[BlackElo "2139"]
[PlyCount "66"]
[EventDate "2024.09.11"]
[WhiteTeam "Cayman Islands"]
[BlackTeam "Mozambique"]
[WhiteTeamCountry "CAY"]
[BlackTeamCountry "MOZ"]

1. d4 Nf6 2. Nc3 d5 3. Bf4 a6 4. e3 e6 5. Nf3 Bb4 6. Bd3 c5 7. dxc5 ({RR} 7. O-O Bxc3 8. bxc3 c4 9. Be2 Ne4 10. Qe1 O-O 11. a4 Nc6 12. h3 f6 13. Bh2 Bd7 14. Ra3 Qe7 15. Qa1 Be8 16. Qb2 Bh5 17. Rb1 Rac8 18. Raa1 b5 19. axb5 axb5 20. Ra6 Qb7 21. Ra3 Ra8 {0-1 Bortnyk,O (2604)-Nakamura,H (2750) Titled Tuesday intern op 26th Apr Early blitz 2022 (10)}) 7... Bxc5 8. O-O Nc6 9. h3 $146 ({RR} 9. Qe2 O-O 10. Rad1 Qe7 11. e4 d4 12. e5 dxc3 13. exf6 gxf6 14. Nh4 f5 15. Qh5 Qf6 16. Bg5 Qg7 17. Bh6 Qf6 18. Bxf8 Bxf8 19. bxc3 Ne5 20. Nf3 Ng6 21. Qg5 Qxc3 22. h4 Be7 23. Qg3 h5 {1-0 Lugovskoy,M (2474)-Gluhovsky,M (2312) RUS-chT blitz 2017 (4)}) ({RR} 9. e4 dxe4 10. Nxe4 Be7 11. Qe2 O-O 12. Nxf6+ Bxf6 13. Rad1 Qa5 14. c3 Qxa2 15. Ng5 g6 16. Ne4 Bg7 17. Bd6 Re8 18. Bc4 Qa5 19. b4 Qf5 20. g4 Bd7 21. gxf5 exf5 22. Bxf7+ Kxf7 23. Ng5+ Kg8 {1-0 Sun,R (2139)-Herpai,J (2066) Titled Tue 13th Aug Late 2024 (1)}) ({RR} 9. Qe2 O-O 10. Rad1 Qe7 11. e4 dxe4 12. Nxe4 Nxe4 13. Bxe4 e5 14. Nxe5 Nxe5 15. Bxe5 Re8 16. Rd5 Be6 17. Bxh7+ Kxh7 18. Qh5+ Kg8 19. Bxg7 f5 20. Qh8+ Kf7 21. Qh7 Bxd5 22. c4 Be4 23. Rd1 f4 {0-1 Lugovskoy,M (2420)-Maly,A (2371) PNWCC Online blitz JP 9th 2020 (8)}) 9... Qe7 10. Ne5 O-O 11. e4 d4 12. Na4 Nxe5 13. Bxe5 Ba7 14. b3 Nd7 15. Bg3 b5 16. Nb2 Qa3 17. Qc1 Bb7 18. f4 Nc5 19. e5 Rac8 20. Bf2 Rc7 21. Qb1 Rfc8 22. Nd1 Nxd3 23. cxd3 Rc2 24. Re1 Rd2 25. Kf1 Rcc2 26. h4 h5 27. f5 exf5 28. e6 fxe6 29. Rxe6 Qc5 30. Rg6 Qe5 31. Kg1 Bb8 32. Rg3 Rxf2 33. Nxf2 Qxg3 0-1

[Event "45th Olympiad 2024"]
[Site "Budapest HUN"]
[Date "2024.09.14"]
[Round "4.78"]
[Board "2"]
[White "Andrade, Ivan"]
[Black "Young, Christopher"]
[Result "1-0"]
[WhiteElo "2132"]
[BlackElo "1758"]
[PlyCount "139"]
[EventDate "2024.09.11"]
[WhiteTeam "Mozambique"]
[BlackTeam "Cayman Islands"]
[WhiteTeamCountry "MOZ"]
[BlackTeamCountry "CAY"]

1. e4 c5 2. Nf3 e6 3. d4 cxd4 4. Nxd4 a6 5. c4 Qc7 6. Be3 Nf6 7. Bd3 Nc6 ({RR} 7... Be7 8. O-O d6 9. f4 b6 10. Nc3 Bb7 11. Rc1 Nbd7 12. b4 Rc8 13. Qf3 Qb8 14. Qh3 Qa8 15. Nxe6 fxe6 16. Qxe6 Nf8 17. Qh3 Qb8 18. Bd4 Rd8 19. e5 dxe5 20. Bxe5 Qc8 21. Bf5 Qc6 22. Rce1 {1-0 Travkina,A (2202)-Pinero,C (2284) Titled Tue 5th Mar Early 2024 (10)}) 8. Nxc6 bxc6 9. Nc3 Be7 $146 ({RR} 9... Bb4 10. O-O O-O 11. Rc1 Rb8 12. Qe2 Qa5 13. a3 Bxc3 14. Rxc3 d5 15. b4 Qd8 16. exd5 cxd5 17. Bg5 d4 18. Rb3 Bb7 19. Qe5 h6 20. Bh4 Rc8 21. Be2 g5 22. Bg3 Be4 23. c5 Bc2 24. Rb2 {1-0 Stavnjak,L (2202)-Jefic,S (2110) Lukavac op 1st 2012 (3)}) 10. Rc1 O-O 11. O-O d6 12. f4 Rd8 13. Qe2 Bb7 14. c5 d5 15. e5 Nd7 16. Na4 Qa5 17. Qc2 g6 18. Rf3 Qc7 19. g4 a5 20. Qe2 Qc8 21. Bb1 Ba6 22. Qf2 Bb5 23. Nc3 Qa6 24. Nxb5 Qxb5 25. Bd4 f5 26. Rb3 Qa6 27. Bd3 Qc8 28. Be2 Rb8 29. Rh3 Nf8 30. a3 Rd7 31. Kh1 Rdb7 32. Ba6 fxg4 33. Bxb7 Qxb7 34. Re3 Qb5 35. Qc2 a4 36. Qg2 h5 37. h3 gxh3 38. Rxh3 Kf7 39. Qc2 Rb7 40. Rf3 Ke8 41. Kg2 Qa5 42. Rb1 Rb3 43. Rxb3 axb3 44. Qc3 Qb5 45. Kf3 g5 46. fxg5 Bxg5 47. Rg1 Be7 48. Ke3 Nd7 49. Qb4 Nxc5 50. Qxb5 cxb5 51. Rg8+ Kd7 52. Rb8 h4 53. Kf3 Ne4 54. Rb7+ Ke8 55. Rxb5 h3 56. Rb8+ Kf7 57. Kg4 Ng5 58. Kg3 Kg6 59. Rxb3 Kf5 60. Re3 Bd8 61. b4 Bc7 62. b5 Ne4+ 63. Kxh3 Bxe5 64. Bxe5 Kxe5 65. Rxe4+ Kxe4 66. b6 d4 67. b7 d3 68. b8=Q Ke3 69. Qe5+ Kf2 70. Qxe6 1-0

[Event "45th Olympiad 2024"]
[Site "Budapest HUN"]
[Date "2024.09.14"]
[Round "4.78"]
[Board "3"]
[White "Shaw, Clifford"]
[Black "Napoleao, Lourenco"]
[Result "0-1"]
[WhiteElo "1744"]
[BlackElo "1913"]
[PlyCount "102"]
[EventDate "2024.09.11"]
[WhiteTeam "Cayman Islands"]
[BlackTeam "Mozambique"]
[WhiteTeamCountry "CAY"]
[BlackTeamCountry "MOZ"]

1. e4 c5 2. d4 cxd4 3. c3 Nf6 4. e5 Nd5 5. Qxd4 e6 6. Nf3 Nc6 7. Qe4 f5 8. Qe2 Qc7 ({RR} 8... a6 9. g3 b5 10. Bg2 Bb7 11. O-O Be7 12. Ne1 O-O 13. Nd3 Na5 14. Nd2 Rc8 15. Nb3 Nc4 16. Re1 Qb6 17. Nf4 Nxf4 18. Bxf4 Bxg2 19. Kxg2 a5 20. a3 b4 21. axb4 axb4 22. Nd4 Qb7+ 23. Kg1 {½-½ Rogers,I (2588)-Smirin,I (2671) Monarch Assurance 13th 2004 (6)}) 9. Na3 $146 ({RR} 9. h4 b5 10. g3 a5 11. Bg2 Ba6 12. O-O Bc5 13. b3 O-O 14. Rd1 Ba7 15. Bb2 a4 16. Kh2 Bb8 17. Re1 Qb6 18. Qd2 Ba7 19. Re2 Rac8 20. Qd1 Nce7 21. Rd2 Qa5 22. Qe1 Rfe8 23. Rd3 Qb6 {1-0 Alexikov,A (2427)-Olenichev,D (2206) UKR-ch qual Alushta 2007 (1)}) ({RR} 9. c4 Bb4+ 10. Bd2 Nf4 11. Qe3 Bxd2+ 12. Nbxd2 Ng6 13. O-O-O Ngxe5 14. Kb1 O-O 15. Nxe5 Nxe5 16. f4 Ng4 17. Qg3 b6 18. h3 Nf6 19. Be2 Bb7 20. Bf3 Ne4 21. Bxe4 fxe4 22. Rhe1 Qxf4 23. Qc3 Rac8 {0-1 Jakobeit,D (2210)-Kantans,T (2500) Titled Tue 11th Jul Late 2023 (2)}) ({RR} 9. a4 Nde7 10. Na3 Ng6 11. Nc4 b6 12. b4 Bb7 13. Bg5 Nd8 14. Bxd8 Rxd8 15. Qe3 Bd5 16. Nfd2 Be7 17. h4 O-O 18. h5 f4 19. Qd4 Nh4 20. Rxh4 Bxh4 21. Nd6 Qc6 22. Bb5 Qa8 23. g4 Be7 {1-0 Hidalgo Santana,F (2193)-Castaner Harster,X (2138) Santa Cruz de Tenerife Primavera op 2015 (3)}) 9... Bxa3 10. bxa3 Nxc3 11. Qc4 Ne4 12. Bd3 Qa5+ 13. Ke2 Nxe5 14. Nxe5 Qxe5 15. Be3 d5 16. Qb5+ Bd7 17. Qb4 a5 18. Qd4 Qxd4 19. Bxd4 Nf6 20. Rab1 Bc6 21. g3 O-O 22. Kd2 Ne4+ 23. Ke3 Rae8 24. f4 Nf6 25. Kd2 Nd7 26. Rhe1 g6 27. Re2 Re7 28. Kc3 Rfe8 29. Rbe1 Kf7 30. Kd2 Nf6 31. Bc5 Rd7 32. Bd4 Ne4+ 33. Ke3 Nf6 34. Kd2 a4 35. Rc1 Ra8 36. Rce1 Ne4+ 37. Ke3 Ra5 38. Bb6 d4+ 39. Bxd4 Rad5 40. Bxe4 Rxd4 41. Bxc6 bxc6 42. Kf3 Rd3+ 43. Re3 Kf6 44. Rc1 R7d6 45. Rc4 R3d4 46. Rc5 Rd2 47. Rc4 Rxh2 48. Rxa4 h6 49. Ra8 g5 50. Rb3 g4+ 51. Ke3 Rdd2 0-1

[Event "45th Olympiad 2024"]
[Site "Budapest HUN"]
[Date "2024.09.14"]
[Round "4.78"]
[Board "4"]
[White "Farisse, Joao"]
[Black "Tracey, Shaun M"]
[Result "1/2-1/2"]
[WhiteElo "1851"]
[BlackElo "1684"]
[PlyCount "80"]
[EventDate "2024.09.11"]
[WhiteTeam "Mozambique"]
[BlackTeam "Cayman Islands"]
[WhiteTeamCountry "MOZ"]
[BlackTeamCountry "CAY"]

1. c4 e6 2. d4 f5 3. Nc3 Nf6 4. g3 d5 5. Bg2 c6 6. Nf3 Bd6 7. Qc2 O-O 8. c5 $146 ({RR} 8. Bf4 Bxf4 9. gxf4 Ne4 10. e3 Nxc3 11. Qxc3 Nd7 12. h4 Nf6 13. Ne5 Bd7 14. h5 h6 15. Bf3 Be8 16. O-O-O Rc8 17. Kb1 Ne4 18. Qc2 Kh8 19. Rc1 Qe7 20. Ka1 Bf7 21. Bxe4 fxe4 22. cxd5 exd5 {½-½ Portisch,L (2610)-Dolmatov,S (2565) Madrid rapid 1988 (2)}) ({RR} 8. Bg5 Qe8 9. Bxf6 Rxf6 10. Ne5 Nd7 11. f4 Rf8 12. e3 Nf6 13. cxd5 exd5 14. O-O-O Ne4 15. Nxe4 fxe4 16. h3 Be6 17. g4 c5 18. dxc5 Bxc5 19. Kb1 Bxe3 20. f5 Bf7 21. Nxf7 Qxf7 22. Qb3 Bh6 {0-1 Chemin,V (2150)-Harriott,T (1778) Titled Tue 24th Oct Late 2023 (3)}) ({RR} 8. Bf4 Bxf4 9. gxf4 dxc4 10. e3 Nd5 11. Ne5 b5 12. O-O Bb7 13. b3 {½-½ Levitt,J (2480)-Meister,P (2425) Augsburg 1989 (9)}) 8... Bc7 9. b4 Ne4 10. h4 Nd7 11. Bf4 Ndf6 12. Ne5 a5 13. O-O axb4 14. Nxe4 dxe4 15. Rfd1 Nd5 16. Bg5 Qe8 17. f3 h6 18. Bc1 Bxe5 19. dxe5 exf3 20. exf3 Qe7 21. Rd4 Ra5 22. Rc4 Bd7 23. Bd2 Rfa8 24. Kh2 Rb5 25. Rb1 Raa5 26. f4 Ra7 27. Rb2 Be8 28. Qc1 Ra4 29. Qd1 Rba5 30. Bxd5 cxd5 31. Rcxb4 Bc6 32. Rxa4 Rxa4 33. Bb4 Qd7 34. Qd4 Qe8 35. a3 Qh5 36. Rf2 Kf7 37. Kg2 Qg4 38. Rd2 Ra8 39. Kf2 Qh3 40. Kf3 Qf1+ 1/2-1/2

[Event "45th Olympiad 2024"]
[Site "Budapest HUN"]
[Date "2024.09.14"]
[Round "4.80"]
[Board "1"]
[White "Murphy, Jones"]
[Black "Mompel Ferruz, Xavier"]
[Result "0-1"]
[WhiteElo "2021"]
[BlackElo "2273"]
[PlyCount "64"]
[EventDate "2024.09.11"]
[WhiteTeam "Dominica"]
[BlackTeam "Equatorial Guinea"]

1. e4 c5 2. c4 Nc6 3. Nc3 g6 4. g3 Bg7 5. Bg2 d6 6. d3 e6 7. Nge2 Nge7 8. Rb1 O-O 9. O-O b6 10. a3 Bb7 11. b4 Nd4 ({RR} 11... Rb8 12. Be3 h6 13. Qd2 Kh7 14. f4 f5 15. d4 cxd4 16. Nxd4 Rc8 17. Nxe6 Qd7 18. Nxf8+ Rxf8 19. Nd5 fxe4 20. Bxe4 Nf5 21. Bf2 Nfd4 22. b5 {1-0 Zielonka,A (2319)-Vardi,I Titled Tue 10th Sep Late 2024 (5)}) 12. Bg5 Nxe2+ 13. Nxe2 f6 $146 ({RR} 13... h6 14. Be3 e5 15. bxc5 dxc5 16. Bxc5 Qd7 17. Be3 Rfd8 18. Rb3 Rac8 19. Qd2 Kh7 20. Rd1 Bc6 21. Nc3 Ba4 22. Nxa4 Qxa4 23. Rc3 Nc6 24. Kf1 Na5 25. Rdc1 Nb3 26. Qc2 Nc5 27. Ke2 Bf8 28. h4 {½-½ Lehmann,E (2035)-Ophoff,R (1918) MVP-ch Seniors op 16th 2016 (3.22)}) 14. Be3 Rc8 15. Qb3 f5 16. f3 Nc6 17. bxc5 dxc5 18. Bxc5 Na5 19. Bxb6 Qxb6+ 20. Qxb6 axb6 21. Rxb6 Bc6 22. Ra6 Nb3 23. Rb6 Nd4 24. Kf2 fxe4 25. dxe4 Bxe4 26. Ke3 Nxe2 27. Kxe2 Rxc4 28. Bh3 Bf5 29. Bxf5 exf5 30. Rd1 Rc2+ 31. Rd2 Rxd2+ 32. Kxd2 Ra8 0-1

[Event "45th Olympiad 2024"]
[Site "Budapest HUN"]
[Date "2024.09.14"]
[Round "4.80"]
[Board "2"]
[White "Oscar Naranjo Gonzalez"]
[Black "Bridet, Robert"]
[Result "0-1"]
[WhiteElo "1861"]
[BlackElo "1697"]
[PlyCount "97"]
[EventDate "2024.09.11"]
[WhiteTeam "Equatorial Guinea"]
[BlackTeam "Dominica"]

1. e4 e5 2. Nf3 Nc6 3. Bb5 Bc5 4. c3 a6 5. Ba4 b5 6. Bb3 Qe7 7. O-O Nf6 8. d4 Bb6 9. Re1 O-O 10. Bg5 h6 11. Bh4 d6 12. h3 $146 ({RR} 12. d5 Na5 13. Bc2 Kh8 14. Nbd2 Bd7 15. Nf1 c6 16. b3 Rac8 17. Ne3 g5 18. Bg3 cxd5 19. Nxd5 Nxd5 20. exd5 f6 21. Qd3 Qg7 22. Re2 Nb7 23. Rae1 Nc5 24. Qd2 Bg4 25. Nd4 exd4 26. Re7 Rf7 {½-½ Nicholson,J (2065)-Martinovsky,E (2305) Isle of Man op 1995 (5)}) ({RR} 12. a4 Bg4 13. axb5 axb5 14. Rxa8 Rxa8 15. Bd5 Bd7 16. Na3 Ra5 17. Nc2 Nb8 18. dxe5 dxe5 19. Nb4 c6 20. Bb3 Ra7 21. Nd3 Bc7 22. Bg3 Bg4 23. h3 Bh5 24. Qe2 Nbd7 25. Nb4 Nb8 26. Qe3 Rb7 {1-0 Saric,K (2156)-Peronja,D CRO-chT (Women) 15th 2006 (7)}) 12... Bb7 13. a4 Na5 14. Bc2 Qe6 15. Nbd2 c5 16. b4 cxb4 17. cxb4 Nc4 18. d5 Qd7 19. Bxf6 gxf6 20. Nh4 Kh7 21. Nf5 Rg8 22. Nf1 Rg5 23. h4 Rg6 24. Qh5 Rag8 25. N1g3 Qe8 26. Bd3 Qf8 27. axb5 axb5 28. Bxc4 bxc4 29. Ne3 c3 30. Qf3 Bc8 31. Ra8 Qe7 32. Kh2 Bg4 33. Nxg4 Rxa8 34. h5 Rg5 35. Nxf6+ Kg7 36. Ng4 Rxg4 37. Nf5+ Kf8 38. Nxe7 Rh4+ 39. Kg1 Rf4 40. Qxf4 exf4 41. Nf5 Ra2 42. Rc1 Rxf2 43. Kh1 c2 44. b5 Rd2 45. Kh2 f3 46. Kg3 f2 47. Ra1 Kg8 48. Rc1 Rd1 49. Rxc2 0-1

[Event "45th Olympiad 2024"]
[Site "Budapest HUN"]
[Date "2024.09.14"]
[Round "4.80"]
[Board "3"]
[White "Francis, Nigel"]
[Black "Angel Estanislao Gatjens Capche"]
[Result "1/2-1/2"]
[WhiteElo "1775"]
[BlackElo "1849"]
[PlyCount "129"]
[EventDate "2024.09.11"]
[WhiteTeam "Dominica"]
[BlackTeam "Equatorial Guinea"]

1. e4 c6 2. d4 d5 3. e5 c5 4. dxc5 Nc6 5. f4 e6 6. Nf3 ({RR} 6. Be3 d4 7. Bf2 Bxc5 8. Nd2 Nh6 9. a3 Nf5 10. Bd3 O-O 11. Ngf3 Ne3 12. Bxe3 dxe3 13. Ne4 Bb6 14. Qe2 f6 15. O-O-O Qe7 16. c3 fxe5 17. fxe5 Bd7 18. h4 Be8 19. Neg5 h6 20. Nxe6 Rxf3 {1-0 Kovalev,V (2639)-Sviridov,V (2515) Orsha op 2018 (7)}) 6... Bxc5 7. a3 ({RR} 7. Bb5 Nge7 8. Qe2 O-O 9. c3 Bd7 10. Bd3 f6 11. exf6 Rxf6 12. b4 Bb6 13. a4 a6 14. a5 Bc7 15. O-O Qf8 16. Ng5 g6 17. Na3 e5 18. fxe5 Nxe5 19. Bd2 Bg4 20. Qe3 Nf5 21. Bxf5 Bxf5 {0-1 Grochal,J (2252)-Kovalev,D (2487) Titled Tue 7th May Early 2024 (4)}) 7... a5 8. Nc3 Nh6 $146 ({RR} 8... Nge7 9. Bd3 Qb6 10. Na4 Bf2+ 11. Ke2 Qa7 12. Rf1 Bb6 13. Nxb6 Qxb6 14. Be3 Qd8 15. Kf2 Nf5 16. Qe2 h6 17. c3 Bd7 18. Kg1 Nxe3 19. Qxe3 Qb8 20. g4 Qa7 21. Nd4 Nxd4 22. cxd4 g6 23. Rac1 {0-1 Krstic,S (1993)-Kerr,G (1850) Wch Seniors 65 28th 2018 (10)}) 9. Na4 Ba7 10. c3 Ng4 11. Nd4 h5 12. Be2 Bd7 13. Bxg4 Qh4+ 14. g3 Qxg4 15. Nb5 Qxd1+ 16. Kxd1 Bb8 17. Nd6+ Ke7 18. Nxb7 Ba7 19. Nac5 Rhb8 20. b4 Bc8 21. Nd6 Bb6 22. Na4 Bc7 23. Nxc8+ Rxc8 24. Be3 axb4 25. Bc5+ Ke8 26. axb4 Rcb8 27. Kd2 f6 28. exf6 gxf6 29. Rhe1 Kf7 30. Nb2 Rxa1 31. Rxa1 d4 32. Nc4 dxc3+ 33. Kxc3 Rc8 34. Bd6 Bd8 35. Bc5 Rb8 36. Ra6 Ne7 37. Ra7 Ke8 38. Nd6+ Kf8 39. Kc4 Kg8 40. Nb7 Nc6 41. Ra6 Nxb4 42. Bxb4 Rxb7 43. Ra8 Kf7 44. Rxd8 Rc7+ 45. Bc5 Rb7 46. Rh8 Kg6 47. Re8 Kf5 48. Rh8 Kg6 49. Bd4 Rc7+ 50. Kd3 Rd7 51. Ke4 Rc7 52. Rf8 e5 53. fxe5 fxe5 54. Bxe5 Rc4+ 55. Bd4 Rc2 56. Rf2 Rc6 57. h4 Re6+ 58. Be5 Ra6 59. Rf5 Ra4+ 60. Bd4 Rxd4+ 61. Ke5 Rd5+ 62. Kxd5 Kxf5 63. Kd4 Kg4 64. Ke3 Kxg3 65. Ke2 1/2-1/2

[Event "45th Olympiad 2024"]
[Site "Budapest HUN"]
[Date "2024.09.14"]
[Round "4.80"]
[Board "4"]
[White "Pedro Manuel Envo Engonga Avomo"]
[Black "Auguiste, Lyndon"]
[Result "0-1"]
[WhiteElo "1702"]
[BlackElo "1697"]
[PlyCount "192"]
[EventDate "2024.09.11"]
[WhiteTeam "Equatorial Guinea"]
[BlackTeam "Dominica"]

1. e4 d5 2. exd5 Qxd5 3. Nf3 Bg4 4. Be2 e6 5. d4 Nc6 6. c4 ({RR} 6. h3 Bh5 7. O-O O-O-O {½-½ Manca,F (2424)-Varga,Z (2451) Budapest FS05 GM 2012 (6)}) 6... Qa5+ ({RR} 6... Qd7 7. O-O O-O-O 8. Be3 Nf6 9. Nc3 Bxf3 10. Bxf3 Nxd4 11. Bxd4 Qxd4 12. Qb3 Qb6 13. Qc2 Be7 14. b4 Qd4 15. Nb5 Qb6 16. Rab1 a6 17. a4 axb5 18. axb5 Kb8 19. Qa4 Qa7 20. Qb3 Qb6 21. Ra1 {0-1 Cooklev,S (2014)-Veiga,J (2397) Titled Tue 25th Jul Late 2023 (2)}) 7. Nc3 Bb4 8. a3 $146 ({RR} 8. O-O Bxc3 9. bxc3 Nge7 10. Rb1 b6 11. Rb5 Qxa2 12. d5 Rd8 13. Rb2 Qa5 14. Nd4 Bxe2 15. Qxe2 Nxd4 16. cxd4 Qa6 17. dxe6 O-O 18. Ra2 Qb7 19. Rd1 Kh8 20. d5 fxe6 21. Qxe6 Nf5 22. Ba3 Nd6 {½-½ Pepin,C (2048)-Desjardins,M (1898) Gatineau Nez rouge A 2006 (3)}) ({RR} 8. O-O O-O-O 9. Be3 Nge7 10. Nb5 a6 11. a3 Bxf3 12. Bxf3 axb5 13. axb4 Qxb4 14. d5 Nb8 15. Ra8 e5 16. Ba7 Kd7 17. c5 Ng6 18. d6 c6 19. Bg4+ {1-0 Kapnisis,S (2480)-Iordanidou,Z (2143) Rethymno op 4th 2012 (9)}) 8... Bxf3 9. Bxf3 Bxc3+ 10. bxc3 Qxc3+ 11. Bd2 Qxd4 12. O-O Nge7 13. Qb3 O-O 14. Be3 Qh4 15. Qxb7 Rab8 16. Qxc7 Rfc8 17. Qd7 Ne5 18. Qd1 a5 19. c5 Nxf3+ 20. Qxf3 Nd5 21. Rab1 Qa4 22. Qg3 Rxb1 23. Rxb1 Qxa3 24. h3 Nxe3 25. Qxe3 Qxe3 26. fxe3 Kf8 27. Rb5 a4 28. Ra5 a3 29. Kf2 a2 30. Kf3 Rxc5 31. Rxa2 Ke7 32. Rd2 h5 33. Rd4 f5 34. Rf4 Rc1 35. Kg3 g5 36. Rd4 h4+ 37. Kf2 Kf6 38. Rd8 Rc7 39. Rf8+ Rf7 40. Rg8 Rg7 41. Rf8+ Ke5 42. Rh8 f4 43. Rh6 Rf7 44. Rh5 Rg7 45. Kf3 fxe3 46. Kxe3 Kf5 47. Rh8 Rb7 48. Rf8+ Ke5 49. Rg8 Rb3+ 50. Kf2 Rg3 51. Rh8 Ke4 52. Rh7 Rd3 53. Ke2 Re3+ 54. Kf2 Ra3 55. Rf7 Ra2+ 56. Kf1 Ra5 57. Ke2 e5 58. Rf8 Ra2+ 59. Kf1 Rc2 60. Rf7 Rc5 61. Kf2 Kd4 62. Rd7+ Rd5 63. Re7 e4 64. Ke2 Ra5 65. Rd7+ Ke5 66. Rf7 Ra2+ 67. Ke3 Rxg2 68. Re7+ Kd5 69. Rd7+ Ke6 70. Rd4 Rg3+ 71. Kxe4 Rxh3 72. Rd8 Rg3 73. Rh8 Kf6 74. Rh6+ Kg7 75. Rh5 Kg6 76. Rh8 h3 77. Ke5 Ra3 78. Ke4 g4 79. Kf4 Ra4+ 80. Kg3 Kf6 81. Rh5 Rd4 82. Rh8 Ke5 83. Rh5+ Kd6 84. Rg5 Re4 85. Rh5 Re5 86. Rh6+ Re6 87. Rh5 Rg6 88. Ra5 Ke6 89. Rh5 Kf6 90. Ra5 Rh6 91. Ra2 h2 92. Rxh2 Rxh2 93. Kxh2 Ke5 94. Kg2 Kf4 95. Kf1 Kf3 96. Kg1 Kg3 0-1

[Event "45th Olympiad 2024"]
[Site "Budapest HUN"]
[Date "2024.09.14"]
[Round "4.81"]
[Board "1"]
[White "Morazo, John Ranel"]
[Black "Misambo .J. KIlasa"]
[Result "1-0"]
[WhiteElo "2200"]
[BlackElo "1959"]
[PlyCount "87"]
[EventDate "2024.09.11"]
[WhiteTeam "Palau"]
[BlackTeam "Tanzania"]
[WhiteTeamCountry "PAL"]
[BlackTeamCountry "TAN"]

1. d4 Nf6 2. c4 g6 3. Nc3 Bg7 4. e4 d6 5. Nf3 O-O 6. Be2 c5 7. d5 e6 8. O-O e5 9. Ne1 Ne8 ({RR} 9... Nbd7 10. Nd3 h6 11. f4 exf4 12. Bxf4 Qe7 13. Bf3 Ne8 14. Qd2 Kh7 15. Bg4 Ne5 16. Bxe5 Bxe5 17. Nxe5 dxe5 18. Bxc8 Rxc8 19. b3 Nd6 20. Rf3 Kg7 21. Raf1 a6 22. a4 Qg5 23. Qxg5 hxg5 24. a5 {1-0 Puri,V (2214)-Knox,C (2187) Candidates Blitz 2024 (5.11)}) 10. Nd3 ({RR} 10. f4 exf4 11. Bxf4 Qe7 12. Qd2 Nd7 13. Nf3 Ne5 14. h3 Bd7 15. Rf2 Nxf3+ 16. Rxf3 Bd4+ 17. Kh1 Ng7 18. Bd3 a6 19. Ne2 Be5 20. Bxe5 dxe5 21. g4 h5 22. g5 f5 23. gxf6 Rxf6 24. Qg5 Raf8 {½-½ Akesson,R (2447)-Movsesian,S (2677) Gibraltar Masters 12th 2014 (7)}) 10... f5 11. a3 fxe4 $146 ({RR} 11... Nf6 12. f3 Qc7 13. Bd2 Bd7 14. Nf2 Na6 15. Rb1 f4 16. b4 g5 17. Nb5 Qb8 18. Nd3 b6 19. bxc5 Nxc5 20. Nxc5 dxc5 21. a4 g4 22. fxg4 Bxb5 23. Rxb5 Nxe4 24. Bd3 Nd6 25. Qc2 h6 26. Rb3 {0-1 Huebner,R (2595)-Zieher,H Huebner-HSK  clock sim 5,5-4,5 1979 (10)}) 12. Nxe4 Nd7 13. Be3 Qc7 14. Bg4 Ndf6 15. Bxc8 Qxc8 16. f3 a6 17. Qd2 b5 18. b3 Qd8 19. Ndf2 Nc7 20. Nxf6+ Bxf6 21. Ne4 Bg7 22. Rac1 bxc4 23. b4 c3 24. Qxc3 Nb5 25. Qd3 cxb4 26. axb4 Rc8 27. Ra1 Ra8 28. Rfc1 Nd4 29. Rxa6 Rxa6 30. Qxa6 Nf5 31. Bg5 Qa8 32. Qxa8 Rxa8 33. b5 Rb8 34. Rb1 h6 35. Bd2 Kf7 36. g4 Nd4 37. Kf2 Bf8 38. b6 Ke7 39. b7 Kd7 40. Nf6+ Ke7 41. Ba5 Kxf6 42. Bc7 Rxb7 43. Rxb7 h5 44. Bd8+ 1-0

[Event "45th Olympiad 2024"]
[Site "Budapest HUN"]
[Date "2024.09.14"]
[Round "4.81"]
[Board "2"]
[White "Veer Gandhi"]
[Black "Tan, Santiago Jr"]
[Result "1-0"]
[WhiteElo "1792"]
[BlackElo "1903"]
[PlyCount "141"]
[EventDate "2024.09.11"]
[WhiteTeam "Tanzania"]
[BlackTeam "Palau"]
[WhiteTeamCountry "TAN"]
[BlackTeamCountry "PAL"]

1. f4 d6 2. Nf3 g6 3. e3 Bg7 4. Nc3 a6 ({RR} 4... e5 5. fxe5 dxe5 6. Bc4 Nh6 7. e4 Bg4 8. d3 Nc6 9. h3 Bxf3 10. Qxf3 Nd4 11. Qf2 O-O 12. g4 Bf6 13. O-O Bg5 14. Nd5 Kg7 15. Bxg5 Qxg5 16. Nf6 Qf4 17. c3 Ne6 18. Qe1 Kxf6 19. Rxf4+ {1-0 Nikolovski,N (2409)-Zlatanovic,B (2332) FRM-chT 29th 2021 (7)}) ({RR} 4... e5 5. Bc4 Nc6 6. O-O Nf6 7. fxe5 dxe5 8. Bb5 Nd7 9. Bxc6 bxc6 10. e4 O-O 11. d3 Rb8 12. b3 Qe7 13. Be3 a5 14. Na4 f6 15. Qe1 Ra8 16. Qc3 Qe6 17. Nd2 Ba6 18. Nc4 Bxc4 19. Qxc4 {0-1 Praxmarer,C (1966)-Ager,J (1974) TCh-AUT 2nd West 2023-24 (11.4)}) 5. Be2 Nf6 6. O-O c6 $146 ({RR} 6... O-O 7. d3 c5 8. a4 Nc6 9. Ng5 Bd7 10. Qe1 Nb4 11. Bd1 Bg4 12. Nce4 Bxd1 13. Qxd1 Qd7 14. c3 Nbd5 15. Qe1 a5 16. Nxf6+ Bxf6 17. Qg3 Nc7 18. e4 e5 19. f5 Kg7 20. Qh3 Rh8 21. Nf3 {½-½ Berger,A-Jones,S Hassloch op-B 1998 (2)}) ({RR} 6... O-O 7. b3 b5 8. a3 Bb7 9. Bb2 Nbd7 10. Rb1 c5 11. Qe1 Ne4 12. d3 Nxc3 13. Bxc3 Nf6 14. e4 Qd7 15. Nh4 e6 16. g4 e5 17. f5 h6 18. Qg3 g5 19. Nf3 Rae8 20. h4 Nh7 21. hxg5 {1-0 Sinclair,C-Tandi,E Coventry op 2005 (9)}) 7. a4 Qc7 8. Qe1 Bg4 9. h3 Bxf3 10. Bxf3 Nbd7 11. e4 e5 12. d3 h6 13. Qg3 O-O-O 14. Be3 c5 15. Rfb1 Kb8 16. Ne2 a5 17. c3 Qb6 18. b4 Qa6 19. Nc1 Rc8 20. bxc5 Nxc5 21. fxe5 Nh5 22. Qf2 Bxe5 23. Qd2 Nf6 24. Ra2 Rc7 25. Bf4 Ne6 26. Bxe5 dxe5 27. Rb5 Rhc8 28. Ne2 Rc5 29. Rb3 Ng5 30. c4 Nxf3+ 31. gxf3 g5 32. Rab2 b5 33. Rxb5+ Ka7 34. Nc3 Qd6 35. Rb7+ Ka8 36. R7b6 R8c6 37. Rxc6 Qxc6 38. Nb5 Qa6 39. Qe3 Qb6 40. Kg2 Nd7 41. Qc1 Qc6 42. Qd2 Qa6 43. Nc3 Nb8 44. Nd5 Nd7 45. Rb5 Qa7 46. Nb6+ Qxb6 47. Rxb6 Nxb6 48. h4 f6 49. hxg5 hxg5 50. Kf1 Kb7 51. Qa2 Rc7 52. Qb3 Rc5 53. Ke2 Kc6 54. Kd2 Kc7 55. Kc3 Kc6 56. Qd1 Kd6 57. Kb3 Rc8 58. Qe1 Ra8 59. Qc3 Nd7 60. d4 Rb8+ 61. Kc2 Rb4 62. c5+ Kc7 63. d5 Rxa4 64. Qd3 Rd4 65. Qb5 a4 66. Qc6+ Kd8 67. Qa8+ Ke7 68. c6 a3 69. Qxa3+ Kd8 70. Qd6 Ke8 71. Qxd7+ 1-0

[Event "45th Olympiad 2024"]
[Site "Budapest HUN"]
[Date "2024.09.14"]
[Round "4.81"]
[Board "3"]
[White "Mahor Jr, Manuel"]
[Black "Lusako, Shedrack"]
[Result "1-0"]
[WhiteElo "1759"]
[BlackElo "1760"]
[PlyCount "113"]
[EventDate "2024.09.11"]
[WhiteTeam "Palau"]
[BlackTeam "Tanzania"]
[WhiteTeamCountry "PAL"]
[BlackTeamCountry "TAN"]

1. c4 e5 2. g3 Nf6 3. Nc3 Bc5 4. Bg2 c6 5. h3 ({RR} 5. e4 O-O 6. Nge2 d6 7. O-O Be6 8. b3 d5 9. exd5 cxd5 10. d4 Bxd4 11. Nxd4 exd4 12. Qxd4 Nc6 13. Qh4 dxc4 14. bxc4 Ng4 15. Qxd8 Rfxd8 16. Nd5 Rd7 17. Bf4 Nge5 18. Rfb1 Rad8 19. h4 f6 {½-½ Matlakov,M (2668)-Khairullin,I (2631) RUS-ch Higher League 65th 2012 (7)}) 5... d5 $146 ({RR} 5... d6 6. e4 Be6 7. d3 h6 8. Nge2 Nbd7 9. O-O O-O 10. Na4 Ne8 11. Nxc5 Nxc5 12. f4 f5 13. fxe5 dxe5 14. exf5 Bxf5 15. d4 exd4 16. Nxd4 Bd3 17. Rxf8+ Kxf8 18. Be3 Qd6 19. b4 Qxg3 20. Qd2 {1-0 Santos,P-Oliveira,M Nazare op 2nd 2002 (2.4)}) ({RR} 5... O-O 6. e3 d5 7. cxd5 cxd5 8. Nge2 Bb6 9. O-O Nc6 10. a3 Bf5 11. Na4 Rc8 12. d3 d4 13. e4 Be6 14. Bg5 Na5 15. Bxf6 Qxf6 16. Nxb6 axb6 17. Nc1 Qh6 18. Kh2 Rc7 19. b4 Nc6 20. Ne2 {0-1 Joseph,D (2023)-Madol,G (1851) Juba olympiad qual 2022 (9)}) ({RR} 5... d6 6. e4 Be6 7. d3 Nbd7 8. Nge2 a6 9. O-O O-O 10. Na4 Ba7 11. Nac3 b5 12. cxb5 axb5 13. a3 Bb6 14. Kh2 b4 15. Nb1 bxa3 16. bxa3 d5 17. Qc2 Qc7 18. Bb2 Bc5 19. f4 exf4 20. Bxf6 {1-0 Rast,M (1191)-Nagel,P (807) Niedersachsen-ch op-C 2016 (4)}) 6. cxd5 cxd5 7. e3 Nc6 8. Nge2 O-O 9. O-O Be6 10. d4 exd4 11. exd4 Bb6 12. Be3 Qd7 13. Kh2 Ne7 14. Bg5 Ne4 15. Nxe4 dxe4 16. Bxe7 Qxe7 17. Bxe4 Bxh3 18. Bxh7+ Kxh7 19. Kxh3 Rh8 20. Kg2 g6 21. Nc3 Qd7 22. Qf3 Kg7 23. Rh1 Qxd4 24. Rad1 Qc4 25. Nd5 Bd4 26. Qe4 Rxh1 27. Kxh1 Rc8 28. Qxd4+ Qxd4 29. Rxd4 Rc2 30. Rb4 b6 31. Kg2 f5 32. Nxb6 axb6 33. Rxb6 g5 34. a4 Kf7 35. a5 Rc8 36. b4 Ke7 37. a6 Kd7 38. b5 Ra8 39. Rb7+ Kd6 40. Rf7 Ke6 41. Rc7 Kd6 42. Rc2 Ra7 43. Kf3 Ra8 44. Ke3 Re8+ 45. Kd3 Ra8 46. Rc6+ Kd5 47. Kc3 Ke4 48. Kb4 Kf3 49. Rc2 Ke4 50. Ka5 Kd3 51. Rc7 Ke2 52. Rf7 Kxf2 53. Rxf5+ Kxg3 54. Rxg5+ Kf4 55. Rd5 Ke4 56. Rd7 Ke5 57. b6 1-0